01138cam a22002774a 450000100090000000300050000900500170001400800410003101000170007202000150008904000180010404200080012205000220013008200160015210000230016824500950019125000120028626000480029830000880034650000200043450100080045453803270046265000180078970000220080770000310082911983083NUST20170518110043.0000421s2001 caua 001 0 eng  a 00031218  a0805375430 aDLCcDLCdDLC apcc00aQR41.2b.T67 200100a579 TOR2211 aTortora, Gerard J.10aMicrobiology :ban introduction /cGerard J. Tortora, Berdell R. Funke, Christine L. Case. a7th ed. aSan Francisco :bBenjamin Cummings,cc2001. axxiv, 887 p. :bill. (chiefly col.) ;c29 cm. +e2 computer laser disks (4 3/4 in.) aIncludes index. aH.B aSystem requirements for accompanying disks: Windows 95/98/NT, 486/66 MHz or better recommended, SVGA display (thousands of colors at 800 X 600 or higher resolution), minimum 16 MB available RAM, up to 18 MB free hard disk space (depending on browser needs), sound card, speakers or headphones, 4X CD-ROM drive recommended. 0aMicrobiology.1 aFunke, Berdell R.1 aCase, Christine L.,d1948-